=LDR 00000nam 2200000 4500 =001 INLIS000000000036500 =005 20240507083937 =035 ##$$a 0010-061300000036500 =008 240507###########################0###### =041 ##$$a Ind =082 ##$$a F Rom K =090 ##$$a F Rom K, Ber t =100 ##$$a Bergen, Lara =245 1#$$a The great fairy camp out : $b Perkemahan yang seru /$c Lara Berger ; alih bahasa, Dini Pandia =260 ##$$a Jakarta :$b Gramedia Pustaka Utama,$c 2009 =300 ##$$a 24 hlm : $b Ilus ; $c 29 cm =650 #4$$a Fiksi kanak-kanak =850 ##$$a NBPNMAT =020 ##$$a 978-979-224-989-7 =084 ##$$a F Rom K BER t =990 ##$$a 0001/BPAP-NTB/20142014